An analysis of the causal factors in negligent valuation cases (Record no. 67887)
[ view plain ]
| 000 -LEADER | |
|---|---|
| fixed length control field | 01027cam a2200229 4500 |
| 001 - CONTROL NUMBER | |
| control field | ABS64313 |
| 008 - FIXED-LENGTH DATA ELEMENTS--GENERAL INFORMATION | |
| fixed length control field | 010803n2001 000 0 eng u |
| 035 ## - SYSTEM CONTROL NUMBER | |
| System control number | (Sirsi) u113931 |
| 100 ## - MAIN ENTRY--PERSONAL NAME | |
| Personal name | Lavers, A. |
| 245 #3 - TITLE STATEMENT | |
| Title | An analysis of the causal factors in negligent valuation cases |
| 260 ## - PUBLICATION, DISTRIBUTION, ETC. | |
| Date of publication, distribution, etc. | 2001 |
| 490 ## - SERIES STATEMENT | |
| Series statement | New Zealand Property Journal |
| Volume/sequential designation | July 2001, 59-64(6) |
| 520 ## - SUMMARY, ETC. | |
| Summary, etc. | The analysis in this article derives from an indepth research project. The paper indentifies a number of recurrent causes of negligent valuation which can be successfully addressed by practitioners. Classifies the various types of valuation which could appear in negligent valuation cases, and analyses the causal themes which were observed in the described categories and across commercial and residential valuations. |
| 590 ## - LOCAL NOTE (RLIN) | |
| Local note | ABS |
| 650 ## - SUBJECT ADDED ENTRY--TOPICAL TERM | |
| Topical term or geographic name entry element | NEGLIGENT VALUATIONS |
| 650 ## - SUBJECT ADDED ENTRY--TOPICAL TERM | |
| Topical term or geographic name entry element | CAUSES |
| 650 ## - SUBJECT ADDED ENTRY--TOPICAL TERM | |
| Topical term or geographic name entry element | CASES |
| 650 ## - SUBJECT ADDED ENTRY--TOPICAL TERM | |
| Topical term or geographic name entry element | NEGLIGENCE CLAIMS |
| 650 ## - SUBJECT ADDED ENTRY--TOPICAL TERM | |
| Topical term or geographic name entry element | RESEARCH |
| 690 ## - LOCAL SUBJECT ADDED ENTRY--TOPICAL TERM (OCLC, RLIN) | |
| Topical term or geographic name as entry element | PROPERTY-PROPERTY APPRAISAL AND VALUATION |
| 942 ## - ADDED ENTRY ELEMENTS (KOHA) | |
| Suppress in OPAC | 0 |
| Withdrawn status | Lost status | Source of classification or shelving scheme | Damaged status | Not for loan | Home library | Current library | Shelving location | Date acquired | Total Checkouts | Full call number | Barcode | Date last seen | Copy number | Price effective from | Koha item type |
|---|---|---|---|---|---|---|---|---|---|---|---|---|---|---|---|
| Dewey Decimal Classification | London | London | Journal article | 03/08/2001 | ABS64313 | 113931-1001 | 06/08/2019 | 1 | 06/08/2019 | Journal article |